Creencias irracionales en sujeros adictos y no adictos a sustancias psicoactivas, año 2008 / (Registro nro. 7791)
[ vista simple ]
| 000 -LEADER | |
|---|---|
| campo de control de longitud fija | 02344cam a22004574i 4500 |
| 003 - IDENTIFICADOR DE NÚMERO DE CONTROL | |
| campo de control | PE-LiUPU |
| 005 - FECHA Y HORA DE LA ÚLTIMA TRANSACCIÓN | |
| campo de control | 20250731165412.0 |
| 008 - DATOS DE LONGITUD FIJA--INFORMACIÓN GENERAL | |
| campo de control de longitud fija | 151030s2008 pe a grm 000 0 spa d |
| 035 ## - NÚMERO DE CONTROL DEL SISTEMA | |
| Número de control de sistema | (Sirsi) a155100 |
| 040 ## - FUENTE DE CATALOGACIÓN | |
| Centro catalogador/agencia de origen | PE-LiUPU |
| Lengua de catalogación | spa |
| Centro/agencia transcriptor | PE-LiUPU |
| Normas de descripción | rda |
| 099 ## - TEXTO-LIBRO SIGNATURA TOPOGRÁFICA LOCAL (OCLC) | |
| Número de clasificación | TPS 2 |
| -- | L55 2008 |
| 100 1# - ENTRADA PRINCIPAL--NOMBRE DE PERSONA | |
| Nombre de persona | Leyva Tapia, Magali |
| Término indicativo de función/relación | autor |
| 245 1# - MENCIÓN DEL TÍTULO | |
| Título | Creencias irracionales en sujeros adictos y no adictos a sustancias psicoactivas, año 2008 / |
| Mención de responsabilidad, etc. | Magali Leyva Tapia. |
| 264 #0 - PRODUCCIÓN, PUBLICACIÓN, DISTRIBUCIÓN, FABRICACIÓN Y COPYRIGHT | |
| Fecha de producción, publicación, distribución, fabricación o copyright | 2008 |
| 300 ## - DESCRIPCIÓN FÍSICA | |
| Extensión | 131 hojas : |
| Otras características físicas | ilustraciones; |
| Dimensiones | 30 cm |
| 336 ## - TIPO DE CONTENIDO | |
| Término de tipo de contenido | text |
| Fuente | rdacontent |
| 337 ## - TIPO DE MEDIO | |
| Nombre/término del tipo de medio | unmediated |
| Fuente | rdamedia |
| 338 ## - TIPO DE SOPORTE | |
| Nombre/término del tipo de soporte | volume |
| Fuente | rdacarrier |
| 502 ## - NOTA DE TESIS | |
| Nota de tesis | Tesis |
| Tipo de título | (Lic.) -- |
| Nombre de la institución que otorga el título | Universidad Peruana Unión, |
| Año de obtención del título | 2008. |
| 504 ## - NOTA DE BIBLIOGRAFÍA, ETC. | |
| Nota de bibliografía, etc. | Incluye referencias |
| 520 3# - RESUMEN, ETC. | |
| Sumario, etc. | Se comparan las creencias irracionales en sujetos adictos y no adictos a sustancias psicoactivas. Se empleo un diseño no experimental de tipo descriptivo y comparativo. Participaron una muestra de 53 adictos a sustancias psicoactivas (Pasta Básica de Cocaína 30.2 por cien, Clorhidrato de Cocaína 9.4 por ciento, Marihuana 26.4 por ciento, Alcohol 5.7 por ciento, Poli dicción 28.3 por ciento y un grupo de 50 personas si adicciones químicas; ambos grupos tenían características sociodemográficas similares. Para evaluar las creencias irracionales se aplicó el inventario de creencias irracionales de Albert Ellis y una ficha de datos para ambos grupos de sujetos. Los resultados mostraron que los sujetos adictos presentaban mayores niveles de disfuncionalidad respecto de personas no adictas. Estas diferencias fueron mas notorias en la creencia 6: Ansiedad a lo desconocido y la creencia 9: Afección al pasado, observándose también diferencias significativas entre los grupos (p0,001). |
| 526 ## - NOTA DE INFORMACIÓN SOBRE EL PROGRAMA DE ESTUDIO | |
| Nombre del programa | Segunda Especialidad En Estadística Aplicada Para Investigación (A Distancia) |
| 526 ## - NOTA DE INFORMACIÓN SOBRE EL PROGRAMA DE ESTUDIO | |
| Nombre del programa | Segunda Especialidad En Estadística Aplicada Para Investigación |
| 526 ## - NOTA DE INFORMACIÓN SOBRE EL PROGRAMA DE ESTUDIO | |
| Nombre del programa | Ingeniería De Ciberseguridad |
| 526 ## - NOTA DE INFORMACIÓN SOBRE EL PROGRAMA DE ESTUDIO | |
| Nombre del programa | Ingeniería De Ciencia De Datos E Inteligencia Artificial |
| 526 ## - NOTA DE INFORMACIÓN SOBRE EL PROGRAMA DE ESTUDIO | |
| Nombre del programa | Ingeniería De Software |
| 526 ## - NOTA DE INFORMACIÓN SOBRE EL PROGRAMA DE ESTUDIO | |
| Nombre del programa | |
| 526 ## - NOTA DE INFORMACIÓN SOBRE EL PROGRAMA DE ESTUDIO | |
| Nombre del programa | Comunicación Y Periodismo |
| 526 ## - NOTA DE INFORMACIÓN SOBRE EL PROGRAMA DE ESTUDIO | |
| Nombre del programa | Maestría En Ingeniería De Sistemas Con Mención En Dirección Y Gestión De Tecnologías De Información (Semipresencial) |
| 526 ## - NOTA DE INFORMACIÓN SOBRE EL PROGRAMA DE ESTUDIO | |
| Nombre del programa | Maestría En Ingeniería De Sistemas Con Mención En Dirección Y Gestión De Tecnologías De Información (A Distancia) |
| 526 ## - NOTA DE INFORMACIÓN SOBRE EL PROGRAMA DE ESTUDIO | |
| Nombre del programa | Doctorado en ingeniería de sistemas |
| 526 ## - NOTA DE INFORMACIÓN SOBRE EL PROGRAMA DE ESTUDIO | |
| Nombre del programa | Maestría en ingeniería de sistemas con mención en Ingeniería de software |
| 526 ## - NOTA DE INFORMACIÓN SOBRE EL PROGRAMA DE ESTUDIO | |
| Nombre del programa | Maestría en ingeniería de sistemas con mención en Dirección y gestión de tecnologías de información |
| 526 ## - NOTA DE INFORMACIÓN SOBRE EL PROGRAMA DE ESTUDIO | |
| Nombre del programa | Ingeniería de sistemas |
| 526 ## - NOTA DE INFORMACIÓN SOBRE EL PROGRAMA DE ESTUDIO | |
| Nombre del programa | Educación secundaria, especialidad matemática e informática |
| 596 ## - | |
| -- | 1 |
| 650 04 - PUNTO DE ACCESO ADICIONAL DE MATERIA--TÉRMINO DE MATERIA | |
| Término de materia o nombre geográfico como elemento de entrada | Drogadicción |
| Subdivisión general | Aspectos psicológicos. |
| 700 1# - ENTRADA AGREGADA--NOMBRE PERSONAL | |
| Nombre de persona | Infante Moza, Carlos |
| Término indicativo de función/relación | autor |
| 942 ## - ELEMENTOS DE ENTRADA SECUNDARIOS (KOHA) | |
| Fuente del sistema de clasificación o colocación | Clasificación Decimal Dewey |
| Tipo de ítem Koha | Tesis |
| 999 ## - NÚMEROS DE CONTROL DE SISTEMA (KOHA) | |
| -- | ALPHANUM |
| -- | T01083 |
| -- | CCODEBUL3 |
| -- | BUL |
| -- | 1 |
| -- | Y |
| -- | TESIS |
| -- | 2015-10-30 |
| -- | SALUD |
| -- | P33 |
| -- | .STAFF. Tesis |
| 980 ## - EQUIVALENCIA O REFERENCIA-CRUZADA-MENCIÓN DE SERIE--NOMBRE DE PERSONA/TÍTULO [LOCAL, CANADÁ] | |
| ID del último usuario que modificó el registro | 1 |
| Nombre del último usuario que modificó el registro | ALBERTO SANCHEZ Responsable de Automatización |
| Visto por última vez | Total de préstamos | Signatura topográfica completa | Código de barras | Copia número | Fecha de reemplazo | Facultad | Tipo de ítem Koha | Nota pública | Estado de pérdida | Fuente del sistema de clasificación o colocación | No para préstamo | Colección | Programa académico | Biblioteca de origen | Biblioteca actual | Ubicación en estantería | Fecha de adquisición |
|---|---|---|---|---|---|---|---|---|---|---|---|---|---|---|---|---|---|
| 2022-07-06 | TPS 2 L55 2008 | T01083 | e1 | 2015-10-30 | FSALUD | Tesis | Este Ítem NO se presta por ser Ejemplar #1. | No Perdido | Clasificación Decimal Dewey | No disponible para préstamos | Colección Tesis | Psicología | Biblioteca CRAI UPeU Lima | Biblioteca CRAI UPeU Lima | Estante de Tesis | 2015-10-30 |